000 00781nam a2200217 a 4500
001 BRCA_6988
005 20190320205653.0
008 231111s1953----sp-a######---#000-0#spa-#
041 _aspa
044 _asp
050 4 _aF1231
_b.C35 1953
245 1 0 _aHistoria de las fortificaciones en Nueva España
_cJosé Antonio Calderón Quijano ; prólogo del Excmo. Sr. Diego Angulo Iñiguez
260 _aSevilla, España
_bEscuela de Estudios Hispano-Americanos
_c1953
300 _a334 p.
_bil.; 183 láminas
_c?? cm.
440 0 _aPublicaciones de la Escuela de Estudios Hispano-Americanos de Sevilla
_v40
_917394
500 _aO222
650 1 4 _aFortificación
_zMéxico
_917395
651 4 _aMéxico
_xHistoria
_yPeriodo colonial, 1540-1810
_94206
902 _aGFM
942 _2lcc
_cB
999 _c6669
_d6669